| Tag |
First Indicator |
Second Indicator |
Subfields |
| LEADER |
00000pam a22000004a 4500 |
| 001 |
in00001820521 |
| 005 |
20151026063659.0 |
| 008 |
040209s2004 ncub b 001 0 eng |
| 010 |
|
|
|a 2004002810
|
| 020 |
|
|
|a 0786417773 (alk. paper)
|
| 035 |
|
|
|a (OCoLC)ocm54400431
|
| 040 |
|
|
|a DLC
|c DLC
|d UtOrBLW
|
| 042 |
|
|
|a pcc
|
| 043 |
|
|
|a n-us-nc
|a n-us---
|
| 049 |
|
|
|a TXAM
|
| 050 |
0 |
0 |
|a E573.6 2nd
|b .H37 2004
|
| 082 |
0 |
0 |
|a 973.7/457
|2 22
|
| 100 |
1 |
|
|a Harrell, Roger H.
|q (Roger Herman),
|d 1936-
|
| 245 |
1 |
4 |
|a The 2nd North Carolina Cavalry /
|c Roger H. Harrell.
|
| 246 |
3 |
|
|a Second North Carolina Cavalry
|
| 264 |
|
1 |
|a Jefferson, N.C. :
|b McFarland & Company,
|c [2004]
|
| 264 |
|
4 |
|c ©2004
|
| 300 |
|
|
|a viii, 455 pages :
|b maps ;
|c 26 cm.
|
| 336 |
|
|
|a text
|b txt
|2 rdacontent
|
| 337 |
|
|
|a unmediated
|b n
|2 rdamedia
|
| 338 |
|
|
|a volume
|b nc
|2 rdacarrier
|
| 504 |
|
|
|a Includes bibliographical references (pages 445-448) and index.
|
| 610 |
1 |
0 |
|a Confederate States of America.
|b Army.
|b North Carolina Cavalry Regiment, 2nd.
|
| 651 |
|
0 |
|a North Carolina
|x History
|y Civil War, 1861-1865
|x Regimental histories.
|
| 651 |
|
0 |
|a United States
|x History
|y Civil War, 1861-1865
|x Regimental histories.
|
| 651 |
|
0 |
|a United States
|x History
|y Civil War, 1861-1865
|x Campaigns.
|
| 856 |
4 |
1 |
|3 Table of contents
|u http://www.loc.gov/catdir/toc/ecip0414/2004002810.html
|t 0
|
| 945 |
|
|
|i PromptCat
|
| 948 |
|
|
|a cataloged
|b h
|c 2004/6/16
|d c
|e dmitchel
|f 9:00:00 am
|
| 994 |
|
|
|a 92
|b TXA
|
| 999 |
|
|
|a MARS
|
| 999 |
f |
f |
|s 0e3c77f6-ebbd-3e0b-b7e1-c1e3456194e9
|i a44261ed-8cfa-3eb2-9bea-7b9b5e39f2ae
|t 0
|
| 952 |
f |
f |
|p ric
|a Texas A&M University
|b Rellis Campus
|c Joint Library Facility
|d Remote Storage
|t 0
|e E573.6 2nd .H37 2004
|h Library of Congress classification
|i unmediated -- volume
|m A14831963204
|
| 998 |
f |
f |
|a E573.6 2nd .H37 2004
|t 0
|l Remote Storage
|